| 000 | 01669cam a22005654i 4500 | ||
|---|---|---|---|
| 003 | PE-LiUPU | ||
| 005 | 20250731170431.0 | ||
| 008 | 150623s r 000 0 d | ||
| 020 | _a8466606467 | ||
| 035 | _a(Sirsi) i9788466606462 | ||
| 040 |
_aPE-LiUPU _bspa _cPE-LiUPU _erda |
||
| 049 | _aPRUA | ||
| 082 | 0 | 4 |
_a179.9 _bB472l _223 |
| 100 | 1 |
_aBennett, William J., _d1943-, _ecompilador. _qWilliam John, |
|
| 245 | 1 | 3 |
_aEl libro de las virtudes para jóvenes / _cWilliam J. Bennett, recop.; Laura Manero, trad. |
| 264 | 1 |
_aBarcelona, España : _bJavier Vergara Editor, _c2001. |
|
| 300 |
_a390 páginas ; _c24 centímetros. |
||
| 336 |
_atext _2rdacontent |
||
| 337 |
_aunmediated _2rdamedia |
||
| 338 |
_avolume _2rdacarrier |
||
| 505 | 0 | _aAutodisciplina. Compasión. Responsabilidad. Amistad. Trabajo. Valor. Perseverancia. Honradez. Lealtad. Fe. | |
| 526 | _aSEG68 | ||
| 526 | _aSEG70 | ||
| 526 | _aSEG69 | ||
| 526 | _aSEG67 | ||
| 526 | _aSEG43 | ||
| 526 | _aP144 | ||
| 526 | _aP143 | ||
| 526 | _aP131 | ||
| 526 | _aP122 | ||
| 526 | _aP120 | ||
| 526 | _aP117 | ||
| 526 | _aP112 | ||
| 526 | _aP110 | ||
| 526 | _aP106 | ||
| 526 | _aP101 | ||
| 526 | _aP80 | ||
| 526 | _aP59 | ||
| 526 | _aP54 | ||
| 526 | _aP35 | ||
| 526 | _aP33 | ||
| 526 | _aP30 | ||
| 650 | 0 | 0 |
_aVirtudes _92399 |
| 650 | 0 | 0 |
_aValores sociales _92392 |
| 650 | 0 | 4 |
_aVida y conducta _xColección literaria. |
| 942 |
_2ddc _cBK _n0 |
||
| 949 |
_wDEWEY _c1 _i52612 _lCCODEBUL1 _mBUL _p18.00 _r0 _sY _tBOOK _u2015-6-24 _xTEOLOGIA _0COMPRA _o.STAFF. Colección General |
||
| 980 |
_81 _gALBERTO SANCHEZ Responsable de Automatización |
||
| 999 |
_c34441 _d34441 |
||